Countries and their Capitals, #1 - Statistics

General Stats
  • This quiz has been taken 25 times
  • The average score is 12 of 15
Answer Stats
Question Answer % Correct
What is the capital of Turkey? Ankara
100%
What is the capital of Azerbaijan? Baku
100%
What is the capital of Egypt? Cairo
100%
What is the capital of Australia? Canberra
100%
What is the capital of Venezuela? Caracas
100%
What is the capital of Qatar? Doha
100%
What is the capital of Afghanistan? Kabul
100%
What is the capital of Russia? Moscow
100%
What is the capital of Algeria? Algiers
75%
What is the capital of Colombia? Bogotá
75%
What is the capital of Chad? N'Djamena
75%
What is the capital of Saudi Arabia? Riyadh
75%
What is the capital of Ethiopia? Addis Ababa
50%
What is the capital of Libya? Tripoli
50%
What is the capital of Central African Republic? Bangui
25%
No matching quizzes found
Score Distribution
Percent of People with Each Score
Percentile by Number Answered
Your Score History
You have not taken this quiz